[Event "24th Abu Dhabi Masters"]
[Site "Abu Dhabi UAE"]
[Date "2017.08.19"]
[Round "5.59"]
[White "Varshini, V"]
[Black "Armstrong, Malcolm J"]
[Result "0-1"]
[WhiteTitle "WFM"]
[WhiteElo "2140"]
[BlackElo "2109"]
[WhiteFideId "5091241"]
[BlackFideId "409049"]
[EventDate "2017.08.14"]

1. e4 c6 2. d4 d5 3. Nc3 dxe4 4. Nxe4 Bf5 5. Ng3 Bg6 6. Bc4 Nf6 7. N1e2 Nbd7 8.
Nf4 e5 9. Qe2 Qe7 10. dxe5 Qxe5 11. Be3 Bc5 12. Bxc5 Qxe2+ 13. Bxe2 Nxc5 14.
O-O-O Rd8 15. f3 Rxd1+ 16. Rxd1 Ne6 17. Nxe6 fxe6 18. Nf1 Nd5 19. g3 Ke7 20. c4
Nb6 21. Ne3 Rd8 22. Rxd8 Kxd8 23. Ng4 Nd7 24. Kd2 Ke7 25. f4 Bh5 26. Nf2 Bxe2
27. Kxe2 c5 28. Kf3 Nb8 29. Nd3 Nd7 30. g4 b6 31. g5 Kd6 32. Ke4 a6 33. a4 a5
34. Nf2 Nb8 35. Ng4 Nc6 36. Ne3 Ke7 37. f5 Nd4 38. fxe6 Kxe6 39. Nd5 Nb3 40.
Nxb6 Nd2+ 41. Ke3 Nf1+ 42. Kf4 Nxh2 43. Nd5 Nf1 44. Nc3 Nd2 45. Nd1 Nxc4 46. Ke4
Nd6+ 47. Kf4 h6 48. gxh6 gxh6 49. Ne3 h5 50. b3 h4 51. Kg4 Ke5 52. Ng2 Kd4 53.
Nf4 Kc3 54. Ne6 Nb7 55. Kxh4 Kxb3 56. Kg3 c4 57. Kf2 c3 58. Nd4+ Kb2 0-1

[Event "24th Abu Dhabi Masters"]
[Site "Abu Dhabi UAE"]
[Date "2017.08.19"]
[Round "5.60"]
[White "Saim, Mohamed Ilias"]
[Black "Hoegener, Claude"]
[Result "1-0"]
[WhiteTitle "FM"]
[WhiteElo "2102"]
[BlackElo "2139"]
[WhiteFideId "7900465"]
[BlackFideId "4000978"]
[EventDate "2017.08.14"]

1. e4 e6 2. d3 d5 3. Nd2 Nf6 4. Ngf3 Be7 5. g3 b6 6. Bg2 Bb7 7. Qe2 c5 8. O-O
Nc6 9. Re1 Qc7 10. c3 h6 11. a3 a5 12. Nf1 g5 13. h4 dxe4 14. dxe4 g4 15. N3h2
Ba6 16. Qc2 Ne5 17. Bf4 h5 18. Rad1 c4 19. Ne3 Qc5 20. Nd5 Nf3+ 21. Nxf3 exd5
22. Ng5 dxe4 23. Nxe4 Nxe4 24. Qxe4 Ra7 25. Bd6 1-0

[Event "24th Abu Dhabi Masters"]
[Site "Abu Dhabi UAE"]
[Date "2017.08.19"]
[Round "5.61"]
[White "Llano Olabarrieta, Joseba"]
[Black "Zayed, Ali Al-hamed"]
[Result "1-0"]
[WhiteElo "2135"]
[BlackElo "1996"]
[WhiteFideId "32018240"]
[BlackFideId "9303340"]
[EventDate "2017.08.14"]

1. e4 e5 2. Nf3 Nc6 3. Bb5 Nf6 4. O-O Bc5 5. c3 O-O 6. d4 Bb6 7. dxe5 Nxe4 8.
Qd5 Nc5 9. Nbd2 Ne7 10. Qc4 c6 11. Ba4 d5 12. exd6 Qxd6 13. Bc2 Be6 14. Qe2 Rad8
15. Nc4 Bxc4 16. Qxc4 Nd3 17. Bg5 Ne5 18. Nxe5 Qxe5 19. Bxh7+ Kxh7 20. Qh4+ Kg8
21. Bxe7 g5 22. Bxg5 f6 23. Bf4 Qf5 24. Bh6 Rf7 25. Rae1 Rh7 26. Qf4 Qg6 27.
Qc4+ Kh8 28. Bf4 Rg8 29. Qe4 Qg4 30. Bg3 Qh5 31. Qf4 Rxg3 32. Qxg3 Bc7 33. f4
Bb6+ 34. Kh1 Rg7 35. Qf3 Qg6 36. Re2 Rh7 37. Rfe1 Bc5 38. Re8+ Kg7 39. R8e4 Kh8
40. f5 Qg5 41. Rg4 Qh5 42. Qg3 1-0

[Event "24th Abu Dhabi Masters"]
[Site "Abu Dhabi UAE"]
[Date "2017.08.19"]
[Round "6.1"]
[White "Amin, Bassem"]
[Black "Paichadze, Luka"]
[Result "1-0"]
[WhiteTitle "GM"]
[BlackTitle "GM"]
[WhiteElo "2680"]
[BlackElo "2581"]
[WhiteFideId "10601457"]
[BlackFideId "13602934"]
[EventDate "2017.08.14"]

1. e4 c6 2. d4 d5 3. Nd2 dxe4 4. Nxe4 Bf5 5. Ng3 Bg6 6. Nh3 Nf6 7. c3 Nbd7 8.
Bc4 e6 9. Nf4 Nb6 10. Bb3 Nbd5 11. Nxg6 hxg6 12. Qf3 Ne7 13. Bg5 Nf5 14. Nxf5
gxf5 15. d5 cxd5 16. Ba4+ Ke7 17. O-O-O g6 18. Qe3 Bg7 19. Qc5+ Qd6 20. Rxd5
Qxc5 21. Rxc5 Rac8 22. Rxc8 Rxc8 23. Rd1 Kf8 24. f3 a6 25. Bb3 Ke8 26. a4 a5 27.
Bc2 Nd5 28. Bd3 Bf6 29. Bd2 Ke7 30. Bb5 Nc7 31. Be2 Nd5 32. f4 Nb6 33. Kc2 Nc4
34. Bc1 Rc7 35. Rd3 Nb6 36. Kb3 Nd7 37. Rd1 Nc5+ 38. Ka3 Rd7 39. Rxd7+ Nxd7 40.
Be3 e5 41. g3 exf4 42. gxf4 Kd8 43. Bc4 Be7+ 44. b4 f6 45. h4 Bd6 46. Bf7 g5 47.
fxg5 f4 48. g6 Ke7 49. Bf2 Ne5 50. Bd5 Nxg6 51. Kb3 Ne5 52. bxa5 Nd3 53. Bd4 Bc7
54. h5 f3 55. Bxf3 Bxa5 56. Bxb7 Kf7 57. Kc4 Nf4 58. Bf3 Bc7 59. Kb5 Ne6 60. Bd5 1-0

[Event "24th Abu Dhabi Masters"]
[Site "Abu Dhabi UAE"]
[Date "2017.08.19"]
[Round "6.2"]
[White "Ter-Sahakyan, Samvel"]
[Black "Short, Nigel D"]
[Result "1/2-1/2"]
[WhiteTitle "GM"]
[BlackTitle "GM"]
[WhiteElo "2577"]
[BlackElo "2688"]
[WhiteFideId "13302531"]
[BlackFideId "400025"]
[EventDate "2017.08.14"]

1. e4 e5 2. Nf3 Nc6 3. Bb5 a6 4. Ba4 d6 5. c3 g6 6. d4 Bd7 7. Bg5 f6 8. Be3 Nh6
9. h3 Nf7 10. dxe5 Ncxe5 11. Bb3 Nxf3+ 12. Qxf3 Bg7 13. Nd2 a5 14. a4 Qe7 15.
O-O O-O 16. Rae1 Kh8 17. Qd1 b5 18. Qc2 f5 19. Bd4 f4 20. Bxf7 Rxf7 21. Nf3 c5
22. Bxg7+ Rxg7 23. e5 1/2-1/2

[Event "24th Abu Dhabi Masters"]
[Site "Abu Dhabi UAE"]
[Date "2017.08.19"]
[Round "6.3"]
[White "Salem, A.R. Saleh"]
[Black "Deac, Bogdan-Daniel"]
[Result "1-0"]
[WhiteTitle "GM"]
[BlackTitle "GM"]
[WhiteElo "2624"]
[BlackElo "2573"]
[WhiteFideId "9301348"]
[BlackFideId "1226380"]
[EventDate "2017.08.14"]

1. d4 Nf6 2. c4 e6 3. Nc3 d5 4. cxd5 exd5 5. Bg5 c6 6. e3 Nbd7 7. Bd3 Be7 8.
Nge2 Nh5 9. Bxe7 Qxe7 10. Qd2 Nb6 11. O-O O-O 12. Rae1 g6 13. f3 Rd8 14. e4 dxe4
15. fxe4 Bg4 16. Qe3 Rac8 17. Qf2 Rc7 18. Bc2 Bxe2 19. Rxe2 Qb4 20. g4 Ng7 21.
Re3 Rxd4 22. Rf3 Rdd7 23. a3 Qc4 24. Kh1 Re7 25. Bb1 Ne6 26. Ba2 Qd4 27. Qh4 Nf8
28. Qg3 Rcd7 29. g5 Nc4 30. Ne2 Qxe4 31. Nc3 Qd4 32. Rf4 Qd2 33. Bxc4 Qxb2 34.
Qf3 1-0

[Event "24th Abu Dhabi Masters"]
[Site "Abu Dhabi UAE"]
[Date "2017.08.19"]
[Round "6.4"]
[White "Gagare, Shardul"]
[Black "Adly, Ahmed"]
[Result "1/2-1/2"]
[WhiteTitle "GM"]
[BlackTitle "GM"]
[WhiteElo "2467"]
[BlackElo "2619"]
[WhiteFideId "5037883"]
[BlackFideId "10601619"]
[EventDate "2017.08.14"]

1. d4 Nf6 2. c4 e6 3. Nf3 c5 4. d5 exd5 5. cxd5 d6 6. Nc3 g6 7. e4 Bg7 8. h3 O-O
9. Bd3 b5 10. Nxb5 Nxe4 11. O-O a6 12. Na3 f5 13. Nc4 Nd7 14. Bf4 Nb6 15. Nfd2
Nxd2 16. Qxd2 Nxc4 17. Bxc4 Bf6 18. Bh6 Re8 19. Rfe1 Ra7 20. Rxe8+ Qxe8 21. Re1
Re7 22. Rxe7 Qxe7 23. Be3 Kg7 1/2-1/2

[Event "24th Abu Dhabi Masters"]
[Site "Abu Dhabi UAE"]
[Date "2017.08.19"]
[Round "6.6"]
[White "Vignesh, N R"]
[Black "Pantsulaia, Levan"]
[Result "0-1"]
[WhiteTitle "IM"]
[BlackTitle "GM"]
[WhiteElo "2448"]
[BlackElo "2585"]
[WhiteFideId "25012215"]
[BlackFideId "13602071"]
[EventDate "2017.08.14"]

1. e4 c5 2. Nf3 e6 3. c3 Nf6 4. e5 Nd5 5. d4 cxd4 6. cxd4 b6 7. a3 Ba6 8. Bxa6
Nxa6 9. Qd3 Nac7 10. O-O Be7 11. Nbd2 f5 12. exf6 gxf6 13. Ne4 O-O 14. Bh6 Rf7
15. Nfd2 Kh8 16. Qg3 Qg8 17. Nc4 Qg6 18. Ncd6 Bxd6 19. Nxd6 Re7 20. Qxg6 hxg6
21. Bd2 Rh7 22. Rfc1 Rh4 23. Be3 Kg7 24. h3 Kf8 25. a4 a6 26. Nc4 Rb8 27. Nd2
Ne8 28. a5 b5 29. Rc5 Ke7 30. Re1 Kd8 31. Nf3 Rh7 32. Rec1 Nd6 33. Bd2 g5 34. b3
Nf5 35. Kf1 Nfe7 36. Ke2 d6 37. R5c2 Kd7 38. Ne1 Rhh8 39. Nd3 Nf5 40. Be3 Rh4
41. Ne1 Nxd4+ 42. Bxd4 Rxd4 43. Nf3 Re4+ 44. Kd3 Rb4 45. Nd2 Rf4 46. Ke2 Rh4 47.
g3 Rd4 48. Nf1 b4 49. Nd2 Nc3+ 50. Ke3 e5 51. Nc4 Rb5 52. Rh1 Ke6 53. Kf3 d5 54.
Ne3 Rd3 55. Kg2 Rxa5 56. h4 gxh4 57. gxh4 d4 58. Nc4 Rc5 59. Nb2 Nd5 60. Rxc5
Nf4+ 61. Kg1 Rxb3 62. Nc4 Rc3 63. Kh2 Rh3+ 64. Kg1 Rc3 65. Kh2 Rh3+ 66. Kg1 Rc3
67. Kh2 Nd3 68. Rc8 Nxf2 69. Ra1 Ng4+ 70. Kg1 Kd5 71. Rxa6 Rc1+ 72. Kg2 Rxc4 73.
Ra5+ Ke4 74. Rxc4 Ne3+ 75. Kg1 Nxc4 76. Ra4 d3 77. Ra1 d2 78. h5 Kf5 79. Rd1 e4
80. Kf2 e3+ 81. Ke2 Nb2 0-1

[Event "24th Abu Dhabi Masters"]
[Site "Abu Dhabi UAE"]
[Date "2017.08.19"]
[Round "6.7"]
[White "Lupulescu, Constantin"]
[Black "Gabuzyan, Hovhannes"]
[Result "1/2-1/2"]
[WhiteTitle "GM"]
[BlackTitle "GM"]
[WhiteElo "2637"]
[BlackElo "2566"]
[WhiteFideId "1207822"]
[BlackFideId "13303732"]
[EventDate "2017.08.14"]

1. e4 c5 2. Nf3 d6 3. Bb5+ Bd7 4. Bxd7+ Qxd7 5. c4 Nf6 6. Nc3 e6 7. d4 cxd4 8.
Nxd4 Be7 9. O-O O-O 10. Qe2 a6 11. Be3 Qc7 12. Rac1 Nbd7 13. b3 Rac8 14. f3 Rfe8
15. Qd2 Bf8 16. Rfd1 b6 17. Nde2 Qb7 18. a4 Nc5 19. Rb1 Ncd7 20. Kh1 h6 21. h3
Ne5 22. Bg1 Be7 23. Bh2 Red8 24. Qe3 Nc6 25. Rd2 Na5 26. Rdd1 Nc6 27. Rd2 Na5
28. Rdd1 1/2-1/2

[Event "24th Abu Dhabi Masters"]
[Site "Abu Dhabi UAE"]
[Date "2017.08.19"]
[Round "6.8"]
[White "Efimenko, Zahar"]
[Black "Wagner, Dennis"]
[Result "1-0"]
[WhiteTitle "GM"]
[BlackTitle "GM"]
[WhiteElo "2636"]
[BlackElo "2563"]
[WhiteFideId "14107201"]
[BlackFideId "24650684"]
[EventDate "2017.08.14"]

1. e4 e6 2. d4 d5 3. Nd2 c5 4. Ngf3 cxd4 5. Nxd4 Nf6 6. exd5 Nxd5 7. N2f3 Bb4+
8. Bd2 O-O 9. Be2 Qb6 10. c3 Bc5 11. Qb3 Qc7 12. Nb5 Qb6 13. Nbd4 Qc7 14. c4 Nf6
15. O-O a6 16. Qc2 b6 17. b4 Be7 18. Rac1 Bb7 19. a3 Nbd7 20. h3 Rac8 21. Be3
Rfd8 22. Rfd1 Nf8 23. Nd2 Ng6 24. Bf3 Ne5 25. Bxb7 Qxb7 26. N4f3 Nxf3+ 27. Nxf3
Rxd1+ 28. Rxd1 Qc7 29. Qb2 Ne8 30. Rc1 Nd6 31. c5 bxc5 32. Rxc5 Qb7 33. Qc2 Rxc5
34. bxc5 Nf5 35. c6 Qc7 36. Bd2 Bxa3 37. Qa4 Bc5 38. Ba5 Qg3 39. Qc2 Qd6 40. c7
Ne7 41. Nd2 Nc8 42. Ne4 Qd4 43. Qxc5 Qxe4 44. Bb4 h5 45. Qf8+ Kh7 46. Bc3 Qg6
47. Qxc8 Qb1+ 48. Kh2 Qf5 49. Bd2 Qe5+ 50. f4 Qd6 51. Qd8 1-0

[Event "24th Abu Dhabi Masters"]
[Site "Abu Dhabi UAE"]
[Date "2017.08.19"]
[Round "6.9"]
[White "Andersen, Mads"]
[Black "Ghaem Maghami, Ehsan"]
[Result "1/2-1/2"]
[WhiteTitle "GM"]
[BlackTitle "GM"]
[WhiteElo "2586"]
[BlackElo "2540"]
[WhiteFideId "1413864"]
[BlackFideId "12500739"]
[EventDate "2017.08.14"]

1. d4 d6 2. Nf3 Bg4 3. c4 g6 4. e3 Bg7 5. Be2 c5 6. O-O cxd4 7. exd4 Nc6 8. d5
Bxf3 9. Bxf3 Ne5 10. Be2 Nh6 11. Nc3 Nf5 12. Bd2 O-O 13. b3 Nd4 1/2-1/2

[Event "24th Abu Dhabi Masters"]
[Site "Abu Dhabi UAE"]
[Date "2017.08.19"]
[Round "6.10"]
[White "Aryan, Chopra"]
[Black "Indjic, Aleksandar"]
[Result "1/2-1/2"]
[WhiteTitle "GM"]
[BlackTitle "GM"]
[WhiteElo "2507"]
[BlackElo "2581"]
[WhiteFideId "5084423"]
[BlackFideId "911925"]
[EventDate "2017.08.14"]

1. e4 d6 2. d4 Nf6 3. Bd3 e5 4. c3 Nc6 5. Nf3 g6 6. O-O Bg7 7. h3 O-O 8. Re1 Re8
9. Nbd2 a5 10. a4 h6 11. Nf1 exd4 12. cxd4 Nb4 13. Bb1 c5 14. d5 b5 15. Bd2 bxa4
16. Rxa4 Ba6 17. Bc3 Nd7 18. Ne3 Bb5 19. Ra3 h5 20. Bc2 Ne5 21. Nxe5 Bxe5 22.
Ba4 Qb6 23. Bxb5 Qxb5 24. Qe2 Qxe2 25. Rxe2 Bf4 26. Nc4 Nxd5 27. Bxa5 h4 28. g3
hxg3 29. fxg3 Bh6 30. Nxd6 Re6 31. Nc4 Rae8 32. e5 Nb4 33. Bc7 Nc6 34. Bd6 Bf8
35. Rf2 Bg7 36. Bxc5 Nxe5 37. Nxe5 Rxe5 38. b4 Rxc5 39. bxc5 Bd4 40. Kf1 Bxc5
41. Re2 Rxe2 42. Ra8+ Kg7 43. Kxe2 Bd6 44. Kf3 Be5 45. Ra7 Bb8 46. Rb7 Be5 47.
g4 Kf6 48. Ke4 Bg3 49. Kd5 Bh4 50. Rb3 Kg7 51. Kd6 Kf8 52. Kd7 Kg7 53. Rb5 Kf8
54. Rb8+ Kg7 55. Rb5 Kf8 56. Ra5 Bf2 57. Ra8+ Kg7 58. Ra3 Kf8 59. Rb3 Bh4 60.
Rc3 Kg7 61. Rc5 Bf2 62. Rb5 Bh4 63. Ke8 f6 64. Rb7+ Kg8 65. Rb5 Kg7 66. Rd5 Kg8
67. Rc5 Kg7 68. Rc7+ Kg8 69. Kd7 Bg3 70. Rc3 Be5 71. Rf3 Kf7 72. Rf2 Bg3 73. Rf1
Be5 74. Rf3 Bh2 75. Kc6 Ke6 76. Re3+ Be5 77. h4 f5 78. g5 f4 79. Re1 Kf5 80. Kd5
Bc3 81. Re6 Ba1 82. Ra6 Bc3 83. Kc4 Be1 84. h5 gxh5 85. g6 f3 86. Kd3 f2 87. Ke2
Bc3 88. Ra3 Bg7 1/2-1/2

[Event "24th Abu Dhabi Masters"]
[Site "Abu Dhabi UAE"]
[Date "2017.08.19"]
[Round "6.11"]
[White "Bernadskiy, Vitaliy"]
[Black "Stupak, Kirill"]
[Result "1/2-1/2"]
[WhiteTitle "GM"]
[BlackTitle "GM"]
[WhiteElo "2562"]
[BlackElo "2573"]
[WhiteFideId "14100371"]
[BlackFideId "13503758"]
[EventDate "2017.08.14"]

1. e4 e6 2. d4 d5 3. Nd2 dxe4 4. Nxe4 Nd7 5. Nf3 Ngf6 6. Bg5 Be7 7. Bxf6 Nxf6 8.
Bd3 Nxe4 9. Bxe4 c5 10. c3 Qc7 11. O-O Bf6 12. Qe2 Bd7 13. a4 cxd4 14. cxd4 Rc8
15. Ra3 g6 16. Rc3 Qb8 17. Rxc8+ Bxc8 18. Qb5+ Kf8 19. Rc1 Kg7 20. g3 Rd8 21. b3
b6 22. Qc6 Ba6 23. Qc7 Rc8 24. Qxb8 Rxc1+ 25. Kg2 Bf1+ 26. Kh1 Bd3+ 27. Kg2 Bxe4
28. Qf4 Re1 29. Kh3 Re2 30. Ng5 Bb1 31. Qf3 Re1 32. Nxh7 Bxd4 33. Ng5 Bf6 34.
Qf4 Bf5+ 35. Kg2 Re5 36. h4 Bc2 37. Qb4 Rd5 38. Qf4 Bxb3 39. Qc7 Bxg5 40. hxg5
Rc5 41. Qxa7 Bd5+ 42. Kh3 Ra5 43. Qd7 e5 44. Kh2 Be6 45. Qc6 Kh7 46. Qxb6 Rxa4
47. Qe3 e4 48. Qf4 Rd4 49. Qh4+ Kg7 50. Qf4 Rc4 51. Kg2 Kh7 52. Kf1 Bf5 53. Ke2
Rc2+ 54. Ke3 Rc4 55. Qe5 Ra4 56. Qe7 Be6 57. Kf4 Kg7 58. Qf6+ Kh7 59. Qc3 Rc4
60. Qe3 Ra4 61. Ke5 Kg7 62. Qc3 Rc4 63. Qa1 Kg8 64. Kd6 Rc2 65. Qa8+ Kh7 66. Qa7
Rd2+ 67. Ke7 Rd5 68. Qe3 Kg8 69. Qxe4 Rxg5 70. Qa8+ Kg7 71. Qa1+ Kg8 72. Qc3 Rf5
73. f4 g5 74. Qb2 Rd5 75. Qb8+ Kg7 76. Qf8+ Kg6 77. Qg8+ Kh5 78. fxg5 Rxg5 79.
Qh7+ Kg4 80. Qh4+ Kf5 81. Qf4+ Kg6 82. Qf6+ 1/2-1/2

[Event "24th Abu Dhabi Masters"]
[Site "Abu Dhabi UAE"]
[Date "2017.08.19"]
[Round "6.12"]
[White "Puranik, Abhimanyu"]
[Black "Idani, Pouya"]
[Result "1/2-1/2"]
[WhiteTitle "IM"]
[BlackTitle "GM"]
[WhiteElo "2495"]
[BlackElo "2569"]
[WhiteFideId "5061245"]
[BlackFideId "12510130"]
[EventDate "2017.08.14"]

1. e4 c5 2. Nf3 Nc6 3. d4 cxd4 4. Nxd4 g6 5. c4 Nf6 6. Nc3 d6 7. Be2 Bg7 8. Be3
O-O 9. O-O Bd7 10. Qd2 Nxd4 11. Bxd4 Bc6 12. f3 a5 13. Rab1 Nd7 14. Be3 Nc5 15.
b3 e6 16. a3 a4 17. b4 Nb3 18. Qd3 Qf6 19. Nd1 d5 20. cxd5 exd5 21. b5 d4 22.
bxc6 dxe3 23. cxb7 Rad8 24. Qxe3 Qd6 25. Nf2 Bd4 26. Qg5 Nd2 27. Rb4 h6 28. Qxh6
Bc5 29. e5 Qxe5 30. Rh4 Rfe8 31. Qh7+ Kf8 32. Qh8+ Qxh8 33. Rxh8+ Kg7 34. Rxe8
Rxe8 35. Rd1 Nb3 36. Bb5 Rb8 37. Bxa4 Rxb7 38. Bc6 Re7 39. Kf1 Bxa3 40. g3 Bb4
41. Nd3 Nd2+ 42. Kf2 Bc3 43. f4 Bd4+ 44. Kg2 Nc4 45. Re1 Rc7 46. Re4 Ne3+ 47.
Kf3 Bb6 48. Ba4 Nd5 49. Re5 Nc3 50. Bb3 Rd7 51. Bc2 Bd4 52. Re1 Ra7 53. Bb3 Rb7
54. Bc4 Rc7 55. Bb3 Nb5 56. Rc1 Re7 57. Re1 Ra7 58. Bc4 Nd6 59. Bd5 Ra3 60. Ke2
Ra5 61. Bb3 Rh5 62. Kf3 Rxh2 63. Re2 Rh8 64. Re7 Rb8 65. Ba2 Ra8 66. Rd7 Rxa2 1/2-1/2

[Event "24th Abu Dhabi Masters"]
[Site "Abu Dhabi UAE"]
[Date "2017.08.19"]
[Round "6.13"]
[White "Mamedov, Rauf"]
[Black "Saduakassova, Dinara"]
[Result "1-0"]
[WhiteTitle "GM"]
[BlackTitle "IM"]
[WhiteElo "2680"]
[BlackElo "2444"]
[WhiteFideId "13401653"]
[BlackFideId "13700090"]
[EventDate "2017.08.14"]

1. c4 b6 2. Nf3 Bb7 3. e3 Nf6 4. b3 g6 5. Bb2 Bg7 6. g3 c5 7. Bg2 O-O 8. O-O d5
9. cxd5 Qxd5 10. Nc3 Qd7 11. d4 cxd4 12. exd4 Qd8 13. Ne5 Bxg2 14. Kxg2 Na6 15.
Ba3 Nd5 16. Nxd5 Qxd5+ 17. Qf3 Qxf3+ 18. Kxf3 Nc7 19. Nc6 Nb5 20. Bb2 Rfe8 21.
Rac1 Nc7 22. a4 Nd5 23. Ba3 e6 24. Rc4 a6 25. Bd6 Bf8 26. Bxf8 Kxf8 27. Rfc1 f6
28. h4 h5 29. a5 b5 30. Rc5 Kg7 31. Ke4 Kf7 32. Kd3 Rg8 33. f4 Ke8 34. Rxd5 exd5
35. Nb4 Kd8 36. Nxd5 Rg7 37. Rc6 Rf7 38. Nxf6 Raa7 39. Ne4 Rg7 40. Nc5 Ke8 41.
b4 Rge7 42. Ne6 Kf7 43. d5 Kf6 44. Nd4+ Kf7 45. Nf3 Rac7 46. Ne5+ Ke8 47. Rxa6
Ra7 48. Rxg6 Rg7 49. f5 Rxg6 50. fxg6 Ke7 51. Ke4 1-0

[Event "24th Abu Dhabi Masters"]
[Site "Abu Dhabi UAE"]
[Date "2017.08.19"]
[Round "6.14"]
[White "Korobov, Anton"]
[Black "Nguyen, Anh Khoi"]
[Result "1/2-1/2"]
[WhiteTitle "GM"]
[BlackTitle "IM"]
[WhiteElo "2668"]
[BlackElo "2444"]
[WhiteFideId "14105730"]
[BlackFideId "12404675"]
[EventDate "2017.08.14"]

1. c4 e5 2. Nc3 Nc6 3. g3 Bc5 4. Bg2 a6 5. Nf3 d6 6. d3 Nge7 7. O-O O-O 8. a3
Ba7 9. e3 Rb8 10. b4 b5 11. cxb5 axb5 12. a4 Nxb4 13. axb5 Bb6 14. d4 exd4 15.
Nxd4 Bb7 16. Bxb7 Rxb7 17. Ba3 Bxd4 18. Qxd4 c5 19. bxc6 Nexc6 20. Qf4 Qb8 21.
Rad1 Rd8 22. Nd5 Nxd5 23. Rxd5 Rbd7 24. Rfd1 Qb3 25. Bxd6 Ne7 26. R5d3 Qc2 27.
e4 f6 28. Qe3 Nc8 29. Rc1 Qa2 30. Ra3 Qe6 31. Bc7 Re8 32. Ra4 Ne7 33. Kg2 Ng6
34. Rac4 Rde7 35. h3 f5 36. exf5 Qxf5 37. Qc5 Qf7 38. R4c3 Rc8 39. Qb5 Rf8 40.
R1c2 Re6 41. Qb3 Rf6 42. Qxf7+ R6xf7 43. Bb6 Rb7 44. Be3 h6 45. Rc5 Rff7 46. h4
Ne7 47. Ra5 Nf5 48. Bc1 Rb8 49. h5 Nd4 50. Rb2 Rxb2 51. Bxb2 Nf3 52. Ra3 Ng5 53.
f4 Ne4 54. Ra5 Rb7 55. Be5 Kf7 56. g4 Nf6 57. Kg3 Nd7 58. Ba1 Nf6 59. Ra3 Ne4+
60. Kf3 Rb3+ 61. Rxb3 Nd2+ 62. Ke3 Nxb3 63. Bd4 Na5 64. Ke4 Nc6 65. Bc5 Nd8 66.
f5 Kg8 67. Be7 Nc6 68. Ba3 Nb8 69. Kd5 Nd7 70. Bb2 Kf7 71. Kd6 Nf6 1/2-1/2

[Event "24th Abu Dhabi Masters"]
[Site "Abu Dhabi UAE"]
[Date "2017.08.19"]
[Round "6.15"]
[White "Karavade, Eesha"]
[Black "Parligras, Mircea-Emilian"]
[Result "0-1"]
[WhiteTitle "IM"]
[BlackTitle "GM"]
[WhiteElo "2397"]
[BlackElo "2616"]
[WhiteFideId "5012600"]
[BlackFideId "1204297"]
[EventDate "2017.08.14"]

1. e4 c5 2. Nf3 e6 3. d4 cxd4 4. Nxd4 Nf6 5. Nc3 d6 6. g4 h6 7. Rg1 Nc6 8. Be3
Bd7 9. Be2 g5 10. Qd2 a6 11. O-O-O Be7 12. Kb1 b5 13. Nxc6 Bxc6 14. Bf3 Nd7 15.
Ne2 Ne5 16. Nd4 Bb7 17. Qe2 Qc7 18. Bc1 Rc8 19. Bg2 Bf6 20. Bf1 Ke7 21. Rg3 Ng6
22. Rgd3 Be5 23. Rc3 Qb8 24. Rxc8 Rxc8 25. f3 Qc7 26. Be3 Kf8 27. Qd2 Ke7 28.
Bd3 Bf6 29. h3 Be5 30. Ne2 Rh8 31. f4 gxf4 32. Nxf4 Nxf4 33. Bxf4 Bxf4 34. Qxf4
e5 35. Qg3 Bc8 36. Qh4+ Ke8 37. Qf6 Rh7 38. Be2 Be6 39. h4 Qc5 40. h5 0-1

[Event "24th Abu Dhabi Masters"]
[Site "Abu Dhabi UAE"]
[Date "2017.08.19"]
[Round "6.16"]
[White "Hovhannisyan, Robert"]
[Black "Raghunandan, Kaumandur Srihari"]
[Result "1-0"]
[WhiteTitle "GM"]
[BlackTitle "IM"]
[WhiteElo "2606"]
[BlackElo "2398"]
[WhiteFideId "13302507"]
[BlackFideId "25004964"]
[EventDate "2017.08.14"]

1. e4 c5 2. Nf3 d6 3. d4 cxd4 4. Nxd4 Nf6 5. Nc3 a6 6. Be2 e5 7. Nb3 Be7 8. Be3
Be6 9. Nd5 Nbd7 10. Qd3 Bxd5 11. exd5 O-O 12. g4 e4 13. Qd4 Nc5 14. g5 Nfd7 15.
h4 f5 16. Qd2 Nxb3 17. axb3 Ne5 18. O-O-O b5 19. Bd4 Nd7 20. f3 exf3 21. Bxf3 a5
22. Kb1 a4 23. b4 a3 24. b3 a2+ 25. Ka1 Ra6 26. Be2 Qb8 27. Qd3 Ne5 28. Qxb5 Ra8
29. Qxb8 Rfxb8 30. b5 Bd8 31. c4 Bb6 32. Bxb6 Rxb6 33. Rd2 f4 34. Rf1 Rf8 35.
Bf3 Ng6 36. h5 Ne5 37. Rxa2 Rbb8 38. Ra6 Rbd8 39. Kb2 Rfe8 40. Kc3 Nf7 41. Bg4
Re3+ 42. Kc2 Nxg5 43. Rxf4 Ne4 44. Ra7 Nc5 45. Rff7 Kh8 46. Rxg7 Rde8 47. Rxh7+
Kg8 48. Rag7+ Kf8 49. h6 1-0

[Event "24th Abu Dhabi Masters"]
[Site "Abu Dhabi UAE"]
[Date "2017.08.19"]
[Round "6.17"]
[White "Arjun, Kalyan"]
[Black "Maghsoodloo, Parham"]
[Result "0-1"]
[BlackTitle "GM"]
[WhiteElo "2366"]
[BlackElo "2590"]
[WhiteFideId "35018701"]
[BlackFideId "12539929"]
[EventDate "2017.08.14"]

1. e4 c6 2. d4 d5 3. Nd2 dxe4 4. Nxe4 Nf6 5. Nxf6+ exf6 6. c3 Bd6 7. Bd3 O-O 8.
Ne2 Re8 9. O-O Nd7 10. Bf4 Nf8 11. Qd2 Ng6 12. Bxd6 Qxd6 13. Rfe1 Be6 14. Ng3 b6
15. Qc2 Nf8 16. Bf5 g6 17. Bxe6 Nxe6 18. Ne4 Qe7 19. Re3 f5 20. Nd2 Red8 21. Nf3
Rd6 22. Rae1 Rad8 23. Ne5 f4 24. R3e2 c5 25. d5 f3 26. Nxf3 Rxd5 27. g3 c4 28.
Qe4 Qf6 29. Kg2 b5 30. Qh4 Qxh4 31. Nxh4 Nc5 32. Nf3 Nd3 33. Rb1 R8d6 34. Ne1
Nc5 35. Nf3 a5 36. b3 cxb3 37. axb3 a4 38. Nd4 Rxd4 39. cxd4 Nxb3 40. Re5 Nxd4
41. Rd1 Kg7 42. Rxd4 Rxd4 43. Rxb5 a3 44. Ra5 Rd3 45. h4 h5 46. Ra6 Rb3 47. Kh2
f6 48. Kg2 Kf7 49. Kh2 Ke7 50. Kg2 Kf7 51. Kh2 Ke7 52. Kg2 g5 53. Ra5 Kd6 54.
hxg5 fxg5 55. Rxg5 a2 56. Ra5 Rb2 57. Kf3 Kc6 58. Ke3 Kb6 59. Ra8 Kc5 60. f4 Kb4
61. Ke4 Rc2 62. Rb8+ Kc3 63. Ra8 Kb2 64. Kf5 Rc3 65. Rxa2+ Kxa2 66. Kg6 Kb3 67.
f5 Rxg3+ 68. Kxh5 Kc4 69. f6 Kd5 0-1

[Event "24th Abu Dhabi Masters"]
[Site "Abu Dhabi UAE"]
[Date "2017.08.19"]
[Round "6.18"]
[White "Fier, Alexandr"]
[Black "Tania, Sachdev"]
[Result "1-0"]
[WhiteTitle "GM"]
[BlackTitle "IM"]
[WhiteElo "2579"]
[BlackElo "2392"]
[WhiteFideId "2107139"]
[BlackFideId "5007844"]
[EventDate "2017.08.14"]

1. c4 e5 2. Nc3 Nf6 3. Nf3 Nc6 4. d3 d5 5. cxd5 Nxd5 6. e3 Be7 7. Be2 O-O 8. O-O
Be6 9. Bd2 Kh8 10. Re1 f5 11. a3 Qe8 12. Nxd5 Bxd5 13. Bc3 Qg6 14. b4 a6 15. Qc2
e4 16. dxe4 fxe4 17. Nd2 Bd6 18. g3 Ne5 19. Bxe5 Bxe5 20. Rad1 c6 21. Bf1 Rae8
22. Bg2 Bb8 23. Nb3 Re7 24. Nc5 Ba7 25. Rd2 Kg8 26. Na4 Qf7 27. Nc3 Rfe8 28. Qd1
Re5 29. Qb1 Qf5 30. Red1 Rf8 31. Nxd5 cxd5 32. Qa2 Rd8 33. Bf1 Kh8 34. Bc4 d4
35. exd4 e3 36. fxe3 Rxe3 37. Rf1 Rf3 38. Re1 h5 39. Be6 Qf6 40. Bd5 Bxd4+ 41.
Kg2 Bc3 42. Rde2 Bxe1 43. Bxf3 Bc3 44. Bxh5 Qg5 45. Bf3 b5 46. Qf7 Rd2 47. h4
Rxe2+ 48. Bxe2 Qd2 49. Qe8+ Kh7 50. Qe4+ Kg8 51. Kh3 Kf8 52. Bh5 Qd7+ 53. Bg4
Qd6 54. Bc8 Bf6 55. Qa8 Bd8 56. Bxa6 Qe6+ 57. Kh2 Qa2+ 58. Qg2 Qxa3 59. Qf1+ Bf6
60. Qxb5 Qa2+ 61. Qe2 Qa1 62. Bb5 Qb2 63. Qxb2 Bxb2 64. Bd3 Ke7 65. Kg2 Kf6 66.
Kf3 Ke5 67. b5 Bd4 68. g4 Bb6 69. g5 Bd4 70. h5 Bb6 71. g6 Kf6 72. Ke4 Ke6 73.
Bc4+ Kf6 74. Kd5 Ke7 75. Kc6 Be3 76. b6 Bf4 77. b7 1-0